| 000 | 00553nam a2200181 a 4500 | ||
|---|---|---|---|
| 005 | 20230913063550.0 | ||
| 008 | 991125s1970 mx 000 0 spa u | ||
| 035 | _aUPN01000053923 | ||
| 049 | _aCG | ||
| 050 | 4 |
_aQA11 T4.18 _bno.11 |
|
| 245 | 0 | 3 |
_aEl sistema de los números reales / _cNational Council of Teachers of Mathematics ; tr. Federico Velasco Coba |
| 260 |
_aMéxico : _bTrillas, _c1970 |
||
| 300 | _a61 p | ||
| 440 | 0 |
_aTemas de matemáticas. Cuaderno; _v11 |
|
| 650 | 7 |
_aNúmeros reales _2 _918933 |
|
| 904 |
_aAC _b053925 |
||
| 905 | _aLibro | ||
| 999 |
_c53923 _d53923 |
||